| 000 | 00725nam a22002412 4500 | ||
|---|---|---|---|
| 001 | 9853 | ||
| 003 | BD-RjUL | ||
| 005 | 20211208234842.0 | ||
| 008 | 140122s1962 e af 001 0 eng d | ||
| 035 |
_aOCLC ocm30252608 from D970828M _a(BD-RjUL)9898 |
||
| 040 |
_aUKM _cUKM _dEQO _dBD-RjUL _beng |
||
| 041 | _aeng | ||
| 082 | 0 | 4 |
_a530.09 _218 _bGAB 1962 |
| 100 | 1 |
_aGamow, George, _d1904-1968. _922537 |
|
| 245 | 1 | 0 | _aBiography of physics / |
| 260 |
_bHutchinson, _c1962. _aLondon : |
||
| 300 |
_ax, 338 p. : _bill. ; _c21 cm. |
||
| 490 | 1 | _aHarper torchbooks. Science library | |
| 650 |
_a Physics -- History. _930447 |
||
| 650 |
_aPhysicists -- Biography. _930448 |
||
| 830 | 0 |
_aHarper torchbooks. _9128175 |
|
| 942 |
_2ddc _cBK |
||
| 999 |
_c9853 _d9853 |
||